El Salvador: the other war /
Guardado en:
| Autor principal: | |
|---|---|
| Otros Autores: | |
| Formato: | Texto |
| Publicado: |
Albuquerque, NM:
The Inter-Hemispheric Education Resource Center
|
| Materias: | |
| Etiquetas: |
Agregar Etiqueta
Sin Etiquetas, Sea el primero en etiquetar este registro!
|
MARC
| LEADER | 00000 a a2200000 04500 | ||
|---|---|---|---|
| 001 | 18852 | ||
| 003 | # | ||
| 040 | |||
| 090 | |a 144600 | ||
| 100 | |a Barry, Tom | ||
| 245 | |a El Salvador: the other war / |c Tom Barry | ||
| 260 | |a Albuquerque, NM: |b The Inter-Hemispheric Education Resource Center | ||
| 300 | |a 54 p. | ||
| 300 | |b **no definido** |b map. | ||
| 650 | |a GUERRA | ||
| 650 | |a GUERRA CIVIL | ||
| 650 | |a MILITARISMO | ||
| 650 | |a ACTIVIDAD MILITAR | ||
| 650 | |a FUERZAS ARMADAS | ||
| 650 | |a GUERRILLEROS | ||
| 650 | |a GRUPOS DE INTERESES | ||
| 650 | |a GOLPES DE ESTADO | ||
| 650 | |a PAZ | ||
| 650 | |a GUERRA CIVIL | ||
| 650 | |a PAZ | ||
| 650 | |a PERSONAS DESPLAZADAS | ||
| 650 | |a REFUGIADOS | ||
| 650 | |a GRUPOS DE INTERESES | ||
| 650 | |a REFORMA AGRARIA | ||
| 700 | |a Preusch, Deb | ||
| 999 | |c 2759 |d 2759 | ||
